Loading...
| Religion | 1 | 2 | 0 | 1 | 35 | 61 | 99.33 | 3 | 3 |
| Literature - World Literature | 0 | 2 | 0 | 1 | 20 | 74 | 109.00 | 2 | 2 |
| Science - Chemistry | 1 | 0 | 0 | 0 | 15 | 48 | 48.00 | 1 | 1 |
| History - Other History | 0 | 1 | 0 | 1 | 10 | 117 | 117.00 | 0 | 1 |
| Literature - American Literature | 0 | 1 | 0 | 1 | 10 | 126 | 126.00 | 0 | 1 |
| Literature - European Literature | 0 | 1 | 0 | 0 | 10 | 87 | 87.00 | 0 | 1 |
| Science - Physics | 0 | 1 | 0 | 0 | 10 | 46 | 46.00 | 1 | 1 |
| Fine Arts - Other Fine Arts | 0 | 1 | 0 | 0 | 10 | 96 | 96.00 | 0 | 1 |
| Fine Arts - Visual Fine Arts | 0 | 1 | 0 | 0 | 10 | 81 | 81.00 | 1 | 1 |
| Science - Other Science | 1 | 0 | 1 | 0 | 10 | 58 | 58.00 | 0 | 1 |
| Fine Arts - Auditory Fine Arts | 0 | 1 | 0 | 0 | 10 | 94 | 94.00 | 1 | 1 |
| Philosophy | 0 | 1 | 1 | 1 | 5 | 129 | 129.00 | 0 | 1 |
| Literature - British Literature | 0 | 0 | 1 | 0 | -5 | 0.00 | 0 | 0 | |
| Mythology | 0 | 0 | 1 | 0 | -5 | 0.00 | 0 | 0 |